| 000 | 01505cam a2200385 a 4500 | ||
|---|---|---|---|
| 001 | 12961784 | ||
| 003 | NUST-PNEC | ||
| 005 | 20170116180740.0 | ||
| 008 | 021009s2002 njua 001 0 eng | ||
| 010 | _a 2002510302 | ||
| 015 | _aGBA2-X7267 | ||
| 020 | _a0137863020 | ||
| 020 | _a8129701715 | ||
| 035 | _a(OCoLC)ocm49640470 | ||
| 040 |
_aUKM _cPNEC |
||
| 042 | _alccopycat | ||
| 050 | 0 | 0 |
_aQA76.54 _b.A97 2002 |
| 082 | 0 | 4 |
_a005.373 AUS _221 |
| 100 | 1 | _aAuslander, David M. | |
| 245 | 1 | 0 |
_aControl software for mechanical systems : object-oriented design in a real-time world / _cD.M. Auslander, J.R. Ridgely, J.D. Ringgenberg. |
| 260 |
_aUpper Saddle River, N.J. / Singapore : _bPrentice Hall PTR/ Pearson Education, _cc2002. |
||
| 300 |
_axvi, 339 p. : _bill. ; _c25 cm. |
||
| 504 | _aIncludes bibliographical references (p. 331-332) and index. | ||
| 650 | 0 |
_aReal-time programming. _xComputer, MIS |
|
| 650 | 0 | _aObject-oriented programming (Computer science) | |
| 650 | 0 | _aSoftware engineering. | |
| 650 | 0 | _aMechatronics. | |
| 650 | 0 |
_aMechanical engineering _xComputer programs. |
|
| 700 | 1 | _aRidgely, J. R. | |
| 700 | 1 | _aRinggenberg, J. D. | |
| 856 | _uhttp://www.amazon.com/Control-Software-Mechanical-Systems-Object-Oriented/dp/0137863020/ref=sr_1_1?s=books&ie=UTF8&qid=1418330359&sr=1-1&keywords=0137863020 | ||
| 906 |
_a7 _bcbc _ccopycat _d2 _encip _f20 _gy-gencatlg |
||
| 942 |
_2ddc _cBK |
||
| 999 |
_c62150 _d62150 |
||